Prof. G Ram Reddy Library

Ragamala Painting (Record no. 105531)

MARC details
000 -LEADER
fixed length control field 00550nam a2200193Ia 4500
003 - CONTROL NUMBER IDENTIFIER
control field LDD
008 - FIXED-LENGTH DATA ELEMENTS--GENERAL INFORMATION
fixed length control field 181029s9999 xx 000 0 und d
020 ## - INTERNATIONAL STANDARD BOOK NUMBER
International Standard Book Number 8181500164
Terms of availability 1500.00
040 ## - CATALOGING SOURCE
Transcribing agency LDD
100 ## - MAIN ENTRY--PERSONAL NAME
Personal name Gill, R. S.
245 #0 - TITLE STATEMENT
Title Ragamala Painting
Remainder of title a journey from music to art
Statement of responsibility, etc. R. S. Gill
260 ## - PUBLICATION, DISTRIBUTION, ETC.
Place of publication, distribution, etc. New Delhi
Name of publisher, distributor, etc. Aravali
Date of publication, distribution, etc. 2006
300 ## - PHYSICAL DESCRIPTION
Extent 171p.
365 ## - TRADE PRICE
Price amount 1500.00
901 ## - LOCAL DATA ELEMENT A, LDA (RLIN)
a 9629
b 15-12-2012
902 ## - LOCAL DATA ELEMENT B, LDB (RLIN)
a IN1165
b 20-12-2012
c F
d SELECT
e PVA
903 ## - LOCAL DATA ELEMENT C, LDC (RLIN)
a Discount-15
b Reqst by : Lakshaman Prasad
942 ## - ADDED ENTRY ELEMENTS (KOHA)
Source of classification or shelving scheme Dewey Decimal Classification
Koha item type Books
Holdings
Withdrawn status Lost status Source of classification or shelving scheme Damaged status Not for loan Home library Current library Total Checkouts Full call number Barcode Date last seen Date last checked out Price effective from Koha item type
No   Dewey Decimal Classification     Library and Documentation Division Library and Documentation Division 1 759.9543 G410R 088865 02/11/2021 02/10/2021 11/01/2018 Books

© Prof. G Ram Reddy Centre Library, Indira Gandhi National Open University, Maidan Garhi, New Delhi, 110068
+91-011-29532797 | FAX+91-011-29533393 |